[Event "WY Girls-U18"]
[Site "Porto Carras GRE"]
[Date "2010.10.26"]
[Round "7.11"]
[White "Hejazipour, Mitra"]
[Black "Tanacs, Anna"]
[Result "1-0"]
[WhiteTitle "WFM"]
[BlackTitle "WFM"]
[WhiteElo "2239"]
[BlackElo "2070"]
[WhiteFideId "12505951"]
[BlackFideId "729159"]
[EventDate "2010.10.20"]

1. e4 c6 2. d4 d5 3. Nc3 dxe4 4. Nxe4 Nd7 5. Ng5 Ngf6 6. Bd3 g6 7. N1f3 Bg7 8.
Qe2 O-O 9. Ne5 Nb6 10. c3 h6 11. Ngf3 Nbd5 12. Bd2 Nh5 13. g3 Bh3 14. Rg1 Qc8
15. c4 Ndf6 16. O-O-O Ng4 17. Nh4 Nhf6 18. Nhxg6 Nxe5 19. Nxe7+ 1-0

[Event "WY Girls-U18"]
[Site "Porto Carras GRE"]
[Date "2010.10.26"]
[Round "7.12"]
[White "Eric, Jovana"]
[Black "Purgar, Ivona"]
[Result "1-0"]
[WhiteTitle "WIM"]
[BlackTitle "WFM"]
[WhiteElo "2218"]
[BlackElo "2091"]
[WhiteFideId "938238"]
[BlackFideId "14514451"]
[EventDate "2010.10.20"]

1. e4 c5 2. Nf3 e6 3. d4 cxd4 4. Nxd4 Nf6 5. Nc3 d6 6. Be2 a6 7. Be3 Be7 8. Qd2
Nc6 9. f4 Qc7 10. O-O-O O-O 11. g4 Nxd4 12. Qxd4 b5 13. g5 Nd7 14. f5 b4 15.
Qxb4 Rb8 16. Qa3 Re8 17. f6 Bf8 18. fxg7 Be7 19. Qa4 d5 20. exd5 Rb4 21. Qc6 Qe5
22. Bd2 Rb6 23. Qc4 Bb7 24. Qf4 Qxg7 25. Na4 Rd6 26. Rhg1 Rxd5 27. Be3 Rf5 28.
Qc7 Nc5 29. Nxc5 Bxc5 30. Bxc5 Rc8 31. Rd8+ 1-0

[Event "WY Girls-U18"]
[Site "Porto Carras GRE"]
[Date "2010.10.27"]
[Round "8.1"]
[White "Iordanidou, Zoi"]
[Black "Kazimova, Narmin Nizami qizi"]
[Result "0-1"]
[BlackTitle "WIM"]
[WhiteElo "2152"]
[BlackElo "2260"]
[WhiteFideId "4209192"]
[BlackFideId "13402951"]
[EventDate "2010.10.20"]

1. e4 c5 2. Nf3 d6 3. d4 cxd4 4. Nxd4 Nf6 5. Nc3 a6 6. f4 e6 7. Qf3 Qb6 8. Nb3
h5 9. Bd3 Nbd7 10. Be3 Qc7 11. h3 b5 12. O-O b4 13. Nd1 Bb7 14. Nf2 d5 15. Bd4
Nc5 16. Nxc5 Bxc5 17. Bxf6 gxf6 18. exd5 f5 19. Rae1 Kf8 20. Bxf5 exf5 21. Re5
Bd4 22. Rxf5 Qxc2 23. Rxh5 Rxh5 24. Qxh5 Qc5 25. Qh6+ Bg7 26. Qg5 Qxd5 27. f5
Bf6 28. Qg4 Qd4 29. Qh5 Rc8 30. Rd1 Qe3 0-1

[Event "WY Girls-U18"]
[Site "Porto Carras GRE"]
[Date "2010.10.27"]
[Round "8.2"]
[White "Vo, Thi Kim Phung"]
[Black "Bulmaga, Irina"]
[Result "1/2-1/2"]
[WhiteTitle "WIM"]
[BlackTitle "WIM"]
[WhiteElo "2147"]
[BlackElo "2267"]
[WhiteFideId "12401838"]
[BlackFideId "13903063"]
[EventDate "2010.10.20"]

1. d4 Nf6 2. c4 e6 3. Nf3 d5 4. Nc3 Be7 5. Bg5 h6 6. Bh4 O-O 7. e3 Nbd7 8. Qc2
c5 9. cxd5 Nxd5 10. Bxe7 Nxe7 11. Be2 cxd4 12. Nxd4 Ne5 13. O-O Bd7 14. Qe4 N7c6
15. Nxc6 Nxc6 16. Rfd1 Qe7 17. Nb5 Rfd8 18. Rac1 Be8 19. Qf4 a6 20. Nc3 Rxd1+
21. Rxd1 Rd8 22. h3 Rxd1+ 23. Bxd1 Qd8 24. Qf3 Qd6 25. Qe2 Ne5 26. f4 Ng6 27.
Bc2 Bc6 28. Bxg6 fxg6 29. Qd1 Qxd1+ 30. Nxd1 g5 31. fxg5 hxg5 32. Nf2 Kf7 33.
Ng4 Bd5 34. a3 Kg6 35. Nf2 Kf5 36. Kf1 Ke5 37. g3 Bf3 38. Ke1 Kd5 39. Kd2 Kc4
40. Kc2 Bg2 41. b3+ Kd5 42. Kc3 a5 43. Kd3 Bf1+ 44. Kc3 Ke5 45. Kd2 b6 46. Kc3
Kd5 47. Kc2 Bb5 48. Kc3 Bf1 49. Kc2 Be2 50. Kd2 Ba6 51. Kc3 Bb5 52. Kc2 a4 53.
Kc3 axb3 54. Kxb3 Bc4+ 55. Kc3 Bf1 56. Kb4 Be2 1/2-1/2

[Event "WY Girls-U18"]
[Site "Porto Carras GRE"]
[Date "2010.10.27"]
[Round "8.3"]
[White "Cori T., Deysi"]
[Black "Bezgodova, Maria"]
[Result "1-0"]
[WhiteTitle "WGM"]
[BlackTitle "WFM"]
[WhiteElo "2368"]
[BlackElo "2170"]
[WhiteFideId "3801934"]
[BlackFideId "24111260"]
[EventDate "2010.10.20"]

1. d4 d5 2. Nf3 c5 3. c4 e6 4. cxd5 exd5 5. g3 Nc6 6. Nc3 Nf6 7. Bg2 Be7 8. O-O
O-O 9. Bg5 cxd4 10. Nxd4 h6 11. Be3 Re8 12. Rc1 Bf8 13. Nxc6 bxc6 14. Bd4 Bg4
15. Re1 Qd6 16. Qa4 Bh5 17. Qa6 Nd7 18. Na4 Qb4 19. Qxc6 Qxd4 20. Qxd7 Bg4 21.
Qb5 Rab8 22. e3 Rxb5 23. exd4 Rxe1+ 24. Rxe1 Rb4 25. Nc3 Rxd4 26. Bxd5 Rd2 27.
Re4 Bf5 28. Rf4 Bg6 29. b3 Bc5 30. Be4 Bd6 31. Rf3 Bb4 32. Bxg6 fxg6 33. a4 Bxc3
34. Rxc3 a5 35. Rc5 Rb2 36. Rb5 g5 37. h3 Kf7 38. Kg2 Kf6 39. Kf3 g6 40. h4 gxh4
41. gxh4 h5 42. Kg3 Rc2 43. f3 Rb2 44. Kf4 Rb1 45. Rxa5 Rxb3 46. Ra6+ Kf7 47.
Kg5 Rxf3 48. Ra7+ Kf8 49. Kxg6 Rg3+ 50. Kxh5 Rg1 51. Ra5 Ra1 52. Kg6 Rg1+ 53.
Kh6 Rg4 54. h5 Kf7 55. Ra7+ Ke6 56. Kh7 Kf6 57. a5 Rh4 58. h6 Kg5 59. Rg7+ Kf6
60. a6 Ra4 61. a7 Ra5 62. Rb7 Ra4 63. Kg8 Rg4+ 64. Kf8 Ra4 65. h7 1-0

[Event "WY Girls-U18"]
[Site "Porto Carras GRE"]
[Date "2010.10.27"]
[Round "8.4"]
[White "Hoang, Thi Nhu Y"]
[Black "Bhakti, Kulkarni"]
[Result "0-1"]
[WhiteTitle "WIM"]
[BlackTitle "CM"]
[WhiteElo "2214"]
[BlackElo "2294"]
[WhiteFideId "12401455"]
[BlackFideId "5019516"]
[EventDate "2010.10.20"]

1. c4 e5 2. Nc3 Nf6 3. g3 c6 4. Bg2 d5 5. cxd5 cxd5 6. d3 Nc6 7. Bg5 Be6 8. Nf3
Be7 9. O-O O-O 10. d4 e4 11. Ne5 Rc8 12. Nxc6 bxc6 13. Na4 Nd7 14. Bxe7 Qxe7 15.
Qd2 c5 16. dxc5 Nxc5 17. Nc3 Rfd8 18. Nb5 Qd7 19. Nd4 Bg4 20. Rfc1 Ne6 21. Nxe6
fxe6 22. Rxc8 Qxc8 23. Rc1 Qb8 24. h3 Bh5 25. Rc6 Qb5 26. Rc7 Rf8 27. Qg5 Bf7
28. Rxa7 Qxb2 29. Bf1 Qb6 30. Rd7 Bg6 31. Qe3 Qxe3 32. fxe3 Ra8 33. Re7 Bf7 34.
Rb7 g5 35. Rb2 Ra3 36. Kf2 Kg7 37. Bg2 Kf6 38. Rd2 Be8 39. Rb2 Bg6 40. Rd2 Bf7
41. Rc2 h5 42. Rd2 Kf5 43. Rc2 Be8 44. Rc8 Bb5 45. Rf8+ Kg6 46. Rg8+ Kf6 47. Rh8
Rxa2 48. Bf1 e5 49. Rh6+ Kf7 50. Rxh5 Kg6 51. Rh8 d4 52. Rb8 Bxe2 53. Rb6+ Kf7
54. exd4 Bd3+ 55. Ke3 Bxf1 56. dxe5 Re2+ 57. Kd4 Bxh3 58. Rh6 Bg4 59. Kd5 e3 60.
e6+ Bxe6+ 0-1

[Event "WY Girls-U18"]
[Site "Porto Carras GRE"]
[Date "2010.10.27"]
[Round "8.5"]
[White "Tsatsalashvili, Keti"]
[Black "Semenova, Elena"]
[Result "1-0"]
[WhiteTitle "WIM"]
[BlackTitle "WFM"]
[WhiteElo "2266"]
[BlackElo "2135"]
[WhiteFideId "13603434"]
[BlackFideId "24125148"]
[EventDate "2010.10.20"]

1. d4 d5 2. Nf3 Nf6 3. c4 c6 4. e3 e6 5. Bd3 dxc4 6. Bxc4 Nbd7 7. O-O b5 8. Bd3
Bb7 9. e4 a6 10. Bg5 h6 11. Bh4 g5 12. Bg3 c5 13. d5 c4 14. Bc2 Bc5 15. dxe6
fxe6 16. e5 Ne4 17. Qe2 Nxg3 18. Bg6+ Kf8 19. hxg3 Kg7 20. Be4 Bxe4 21. Qxe4 Qb6
22. Nc3 Rad8 23. Ne2 Nf8 24. g4 Ng6 25. Ng3 Kf7 26. Nh5 Ne7 27. Rad1 Qc6 28. Qe2
Ng6 29. Nd2 Rd4 30. Rde1 Nf4 31. Nxf4 gxf4 32. Nf3 Rd3 33. Qe4 Qxe4 34. Rxe4 a5
35. Rxf4+ Ke7 36. a4 bxa4 37. Rxc4 Bb4 38. Nd4 Re8 39. Nc6+ Kf7 40. Nxb4 axb4
41. Rxb4 a3 42. bxa3 Rxa3 43. Rb7+ Kg6 44. f4 Rc8 45. Rf2 Re3 46. Re7 Rc6 47.
Kh2 Ra6 48. f5+ Kg5 49. Rg7+ Kh4 50. f6 h5 51. f7 hxg4 52. g3+ 1-0

[Event "WY Girls-U18"]
[Site "Porto Carras GRE"]
[Date "2010.10.27"]
[Round "8.6"]
[White "Endress, Anna"]
[Black "Rakhmangulova, Anastasiya"]
[Result "0-1"]
[WhiteElo "2160"]
[BlackElo "2153"]
[WhiteFideId "24629472"]
[BlackFideId "14117479"]
[EventDate "2010.10.20"]

1. e4 d5 2. exd5 Qxd5 3. Nc3 Qd6 4. d4 Nf6 5. Bc4 a6 6. Bb3 Nc6 7. Nge2 Bf5 8.
Bf4 Qd7 9. Qd2 e6 10. a3 O-O-O 11. O-O-O Na5 12. Ba4 Qe7 13. Ng3 Bg6 14. Qe2 h5
15. Bg5 Qd6 16. h4 b5 17. Nge4 Nxe4 18. Nxe4 Qc6 19. Bxd8 Bxe4 20. Rhe1 Bxg2 21.
Qd2 Nc4 22. Qc3 Kxd8 23. Bb3 Bd5 24. Qg3 Qd6 25. Qg5+ f6 26. Qg6 Qf4+ 27. Kb1
Nd2+ 28. Ka2 Nxb3 29. cxb3 Qxh4 30. Qf7 Qg4 31. f3 Qxf3 32. Rf1 Qxb3+ 33. Kb1
Bxa3 34. Rd2 Qa2+ 35. Kc1 Qa1+ 36. Kc2 Qxb2+ 37. Kd3 Bc4+ 38. Ke3 Qc3+ 0-1

[Event "WY Girls-U18"]
[Site "Porto Carras GRE"]
[Date "2010.10.27"]
[Round "8.7"]
[White "Suslova, Alena"]
[Black "Havlikova, Kristyna"]
[Result "0-1"]
[WhiteTitle "WFM"]
[BlackTitle "WIM"]
[WhiteElo "2207"]
[BlackElo "2318"]
[WhiteFideId "24111643"]
[BlackFideId "309672"]
[EventDate "2010.10.20"]

1. c4 Nf6 2. Nc3 d5 3. cxd5 Nxd5 4. Nf3 c5 5. d4 g6 6. g3 Bg7 7. Bg2 Nc6 8. e3
cxd4 9. Nxd4 Nxc3 10. bxc3 Bd7 11. O-O Rc8 12. Rb1 b6 13. Ba3 Na5 14. Bb4 Nc4
15. Bb7 a5 16. Bxc8 Qxc8 17. Rc1 axb4 18. cxb4 e5 19. Qd3 exd4 20. Rxc4 Qb7 21.
Rfc1 O-O 22. Rc7 Qd5 23. e4 Qb5 24. Qxb5 Bxb5 25. f4 Rd8 26. Rc8 Rxc8 27. Rxc8+
Bf8 28. Rd8 d3 29. Kf2 Kg7 30. a3 Be7 31. Rd5 Bc4 32. Rd7 Kf8 33. Ke3 b5 34. Kd2
g5 35. Rb7 gxf4 36. gxf4 f6 37. Ke3 Kf7 38. Kd2 Ke6 39. Ke3 h5 40. h4 Bd8 41.
Rb8 Kd7 42. f5 Bc7 43. Rh8 Bf4+ 44. Kxf4 d2 45. Rh7+ Ke8 46. Rh8+ Ke7 47. Rh7+
Bf7 48. e5 fxe5+ 49. Kxe5 d1=Q 50. f6+ Ke8 0-1

[Event "WY Girls-U18"]
[Site "Porto Carras GRE"]
[Date "2010.10.27"]
[Round "8.8"]
[White "Haast, Anne"]
[Black "Kulon, Klaudia"]
[Result "0-1"]
[WhiteTitle "WIM"]
[BlackTitle "WFM"]
[WhiteElo "2256"]
[BlackElo "2196"]
[WhiteFideId "1017292"]
[BlackFideId "1131044"]
[EventDate "2010.10.20"]

1. e4 c5 2. Nf3 d6 3. c3 Nf6 4. Be2 Nbd7 5. d3 b6 6. O-O Bb7 7. Re1 e6 8. Nbd2
Be7 9. Bf1 O-O 10. d4 cxd4 11. cxd4 Qc7 12. b3 d5 13. e5 Ne4 14. Nxe4 dxe4 15.
Ng5 Nxe5 16. Nxh7 Kxh7 17. Qh5+ Kg8 18. dxe5 g6 19. Qh3 Qxe5 20. Rb1 Qf5 21.
Qxf5 exf5 22. Bb2 Rac8 23. Bc4 Bc5 24. Rbd1 Bb4 25. Re3 Rfd8 26. Rf1 Bf8 27. Rh3
Bg7 28. Bxf7+ Kxf7 29. Rh7 Rg8 30. Rd1 Rc2 31. Rd7+ Ke6 32. Rxb7 Rxb2 33. h4 Bf6
34. Rxa7 Rd8 0-1

[Event "WY Girls-U18"]
[Site "Porto Carras GRE"]
[Date "2010.10.27"]
[Round "8.9"]
[White "Grigorian, Marine"]
[Black "Hejazipour, Mitra"]
[Result "0-1"]
[WhiteTitle "WFM"]
[BlackTitle "WFM"]
[WhiteElo "2178"]
[BlackElo "2239"]
[WhiteFideId "4124260"]
[BlackFideId "12505951"]
[EventDate "2010.10.20"]

1. e4 c5 2. Nc3 Nc6 3. Bb5 Nd4 4. Bc4 e6 5. Nf3 Nf6 6. O-O a6 7. Bb3 Qc7 8. d3
Ng4 9. g3 h5 10. Nxd4 cxd4 11. Ne2 Bc5 12. h3 Nf6 13. c3 dxc3 14. d4 Ba7 15.
Nxc3 d6 16. Bf4 e5 17. dxe5 dxe5 18. Bg5 Bxh3 19. Bxf6 gxf6 20. Nd5 Qd6 21. Qf3
Rh6 22. Rfc1 Rd8 23. Ne3 Bg4 24. Qg2 Bxe3 25. fxe3 h4 26. gxh4 Rxh4 27. Qg3 Rh6
28. Bd5 Rg6 29. Kf2 f5 30. Rh1 Qf6 31. Ke1 fxe4 32. Bxe4 Bf5 33. Qf3 Bxe4 34.
Qxe4 Qg7 35. Rf1 Rg1 36. Qa4+ b5 37. Qh4 Rxf1+ 38. Kxf1 Rd2 39. Ke1 Qg2 0-1

[Event "WY Girls-U18"]
[Site "Porto Carras GRE"]
[Date "2010.10.27"]
[Round "8.10"]
[White "Eric, Jovana"]
[Black "Stetsko, Lanita"]
[Result "0-1"]
[WhiteTitle "WIM"]
[BlackTitle "FM"]
[WhiteElo "2218"]
[BlackElo "2148"]
[WhiteFideId "938238"]
[BlackFideId "13505300"]
[EventDate "2010.10.20"]

1. e4 d6 2. d4 Nf6 3. Nc3 g6 4. Be3 c6 5. h3 Bg7 6. g4 b5 7. e5 Nfd7 8. f4 Nb6
9. Nf3 b4 10. Ne4 Be6 11. Bd3 Bd5 12. Qe2 Qc7 13. exd6 exd6 14. Bd2 O-O 15. Bxb4
Bxe4 16. Qxe4 N8d7 17. Be2 c5 18. Bd2 cxd4 19. Nxd4 Nc5 20. Nb5 Nxe4 21. Nxc7
Rac8 22. Nb5 Rxc2 23. Bd3 Rxd2 24. Bxe4 Rxb2 25. Nxd6 Rd8 26. O-O-O Rxa2 27. f5
Be5 28. fxg6 hxg6 0-1

[Event "WY Girls-U18"]
[Site "Porto Carras GRE"]
[Date "2010.10.27"]
[Round "8.11"]
[White "Newrkla, Katharina"]
[Black "Efroimski, Marsel"]
[Result "0-1"]
[WhiteTitle "WFM"]
[BlackTitle "WFM"]
[WhiteElo "2123"]
[BlackElo "2244"]
[WhiteFideId "1621629"]
[BlackFideId "2810964"]
[EventDate "2010.10.20"]

1. e4 c6 2. d4 d5 3. exd5 cxd5 4. c4 Nf6 5. Nc3 e6 6. Nf3 Bb4 7. cxd5 Nxd5 8.
Qc2 Nc6 9. Bd3 Ba5 10. a3 h6 11. O-O O-O 12. Rd1 Bc7 13. Bc4 Nce7 14. Ne5 a6 15.
Ne4 Nf5 16. Qd3 b6 17. Bb3 Bb7 18. Bc2 Nde7 19. Ng4 Ng6 20. g3 h5 21. Ne3 Nxe3
22. Bxe3 Qd5 23. f3 h4 24. g4 f5 25. Bb3 Qd7 26. Ng5 Bd5 27. Rac1 Bd8 28. Re1
Bxb3 29. Qxb3 Bxg5 30. Bxg5 Qxd4+ 31. Be3 Qd5 32. Qxd5 exd5 33. Bxb6 fxg4 34.
fxg4 Rf4 35. h3 Rf3 36. Re3 Rxe3 37. Bxe3 Ne5 38. Kg2 Re8 39. Bf2 Ng6 40. Rd1
Re2 41. Kf1 Rxb2 42. Rxd5 Rb1+ 43. Be1 Nf4 44. Rd4 Nxh3 45. Kg2 Rxe1 46. Kxh3
Rh1+ 47. Kg2 Rb1 48. Kh3 g5 49. Rd6 Rb3+ 50. Kh2 Kf7 51. Rxa6 Rg3 52. Ra4 Ke6
53. Re4+ Kd5 54. Rb4 Kc5 55. Re4 Kd5 56. Rb4 Ke5 57. a4 Rd3 58. a5 Ra3 59. Rb5+
Kf4 60. Rb4+ Kf3 61. Kh3 Kf2+ 62. Kh2 Rxa5 63. Rb8 Ra4 64. Kh3 Ra3+ 65. Kh2 Rg3
66. Rb2+ Kf3 67. Rb4 Rxg4 68. Rb3+ Kf4 69. Rb4+ Kf5 70. Rb5+ Kg6 71. Rb6+ Kh5
72. Rb8 Ra4 73. Rb2 Ra3 74. Rb5 h3 75. Rb8 Kh4 76. Rh8+ Kg4 77. Rb8 Ra2+ 78. Kh1
Kh4 79. Rb4+ g4 0-1

[Event "WY Girls-U18"]
[Site "Porto Carras GRE"]
[Date "2010.10.27"]
[Round "8.12"]
[White "Miladinovic, Lena"]
[Black "Pavlidou, Ekaterini"]
[Result "1/2-1/2"]
[BlackTitle "WIM"]
[WhiteElo "2064"]
[BlackElo "2191"]
[WhiteFideId "942553"]
[BlackFideId "4213262"]
[EventDate "2010.10.20"]

1. d4 Nf6 2. Nf3 b6 3. e3 Bb7 4. Bd3 e6 5. O-O d5 6. b3 Be7 7. Bb2 O-O 8. c4
Nbd7 9. Nc3 c5 10. cxd5 exd5 11. Bf5 Re8 12. Qc1 a6 13. Qc2 g6 14. Bh3 b5 15.
dxc5 Nxc5 16. Rfd1 b4 17. Na4 Nfe4 18. Nxc5 Bxc5 19. Nd2 Nxf2 20. Qxc5 Nxh3+ 21.
gxh3 Qg5+ 22. Kf2 Qh4+ 23. Kg1 Qg5+ 24. Kf2 Qh4+ 25. Kg1 Qg5+ 26. Kf2 1/2-1/2

[Event "WY Girls-U18"]
[Site "Porto Carras GRE"]
[Date "2010.10.28"]
[Round "9.1"]
[White "Kazimova, Narmin Nizami qizi"]
[Black "Tsatsalashvili, Keti"]
[Result "0-1"]
[WhiteTitle "WIM"]
[BlackTitle "WIM"]
[WhiteElo "2260"]
[BlackElo "2266"]
[WhiteFideId "13402951"]
[BlackFideId "13603434"]
[EventDate "2010.10.20"]

1. Nf3 Nf6 2. c4 e6 3. Nc3 Bb4 4. Qc2 O-O 5. a3 Bxc3 6. Qxc3 b6 7. b4 Bb7 8. Bb2
d6 9. g3 Nbd7 10. Bg2 Ne5 11. O-O Nxf3+ 12. Bxf3 Bxf3 13. Qxf3 e5 14. d4 e4 15.
Qf4 d5 16. Rac1 Re8 17. c5 Nh5 18. Qd2 Qd7 19. cxb6 cxb6 20. Qg5 Nf6 21. Rc2 h6
22. Qf4 Rac8 23. Rfc1 Nh5 24. Qe3 Nf6 25. Qf4 Rxc2 26. Rxc2 Rc8 27. Qc1 Rxc2 28.
Qxc2 Ne8 29. a4 a6 30. a5 Nd6 31. axb6 Nc4 32. Bc3 Nxb6 33. Qa2 Na4 34. Bd2 Qc6
35. Kg2 Kh7 36. Kf1 Kg6 37. Be1 Kf6 38. Bd2 Ke6 39. Be1 Kd7 40. Qd2 g5 41. h4 f6
42. hxg5 hxg5 43. f3 Nb6 44. g4 Nc4 45. Qc1 Kc7 46. Bf2 Kb7 47. Kg2 Qe6 48. Qh1
exf3+ 49. exf3 Ne3+ 50. Kg1 Nc4 51. Kg2 Kb6 52. Qh8 Kb5 53. Qb8+ Qb6 54. Qa8 Qe6
55. Qb8+ Nb6 56. Qf8 Ka4 57. Qc5 Nc4 58. Bg3 Qe2+ 59. Bf2 Qe6 60. Bg3 f5 61.
gxf5 Qxf5 62. Qc6+ Kb3 63. Qxa6 g4 64. fxg4 Qxg4 65. Qa1 Ne3+ 66. Kf2 Nd1+ 67.
Kg2 Qe4+ 68. Kh3 Qh1+ 0-1

[Event "WY Girls-U18"]
[Site "Porto Carras GRE"]
[Date "2010.10.28"]
[Round "9.2"]
[White "Bulmaga, Irina"]
[Black "Cori T., Deysi"]
[Result "0-1"]
[WhiteTitle "WIM"]
[BlackTitle "WGM"]
[WhiteElo "2267"]
[BlackElo "2368"]
[WhiteFideId "13903063"]
[BlackFideId "3801934"]
[EventDate "2010.10.20"]

1. e4 c5 2. Nf3 Nc6 3. Bb5 e6 4. O-O Nge7 5. c3 a6 6. Ba4 b5 7. Bc2 d5 8. d4
cxd4 9. cxd4 Nb4 10. e5 Nxc2 11. Qxc2 Bd7 12. Nbd2 Rc8 13. Qd1 b4 14. Nb3 Nf5
15. Bg5 Qb6 16. g4 h6 17. Bd2 Ne7 18. Rc1 Rxc1 19. Nxc1 h5 20. h3 hxg4 21. hxg4
Ng6 22. Be3 f5 23. Qc2 Be7 24. Nb3 Kf7 25. Ng5+ Kg8 26. Rc1 Rh4 27. gxf5 Rg4+
28. Kf1 exf5 29. f3 Rxg5 30. Bxg5 Bxg5 31. Rd1 Nf4 32. Rd2 Qg6 33. Rh2 Bh6 34.
Rh1 Bb5+ 35. Ke1 Qg3+ 0-1

[Event "WY Girls-U18"]
[Site "Porto Carras GRE"]
[Date "2010.10.28"]
[Round "9.3"]
[White "Bhakti, Kulkarni"]
[Black "Vo, Thi Kim Phung"]
[Result "1-0"]
[WhiteTitle "CM"]
[BlackTitle "WIM"]
[WhiteElo "2294"]
[BlackElo "2147"]
[WhiteFideId "5019516"]
[BlackFideId "12401838"]
[EventDate "2010.10.20"]

1. d4 Nf6 2. c4 e6 3. Nc3 Bb4 4. f3 O-O 5. e4 Bxc3+ 6. bxc3 d6 7. a4 c5 8. Be3
Qa5 9. Qd2 Nc6 10. Bd3 Rd8 11. Ne2 Qc7 12. O-O Na5 13. Qc2 e5 14. Bg5 b6 15. f4
Ba6 16. fxe5 dxe5 17. Rxf6 gxf6 18. Bxf6 h6 19. Qd2 Kh7 20. Bxe5 Qd7 21. Bf6 Rg8
22. e5+ Rg6 23. Nf4 Nb3 24. e6 Qxe6 25. Nxe6 Nxd2 26. Nc7 Bxc4 27. Bxg6+ Kxg6
28. Nxa8 Kxf6 29. Nc7 Nb3 30. Re1 cxd4 31. cxd4 a6 32. d5 Nc5 33. d6 Be6 34.
Nxe6 fxe6 35. a5 1-0

[Event "WY Girls-U18"]
[Site "Porto Carras GRE"]
[Date "2010.10.28"]
[Round "9.4"]
[White "Rakhmangulova, Anastasiya"]
[Black "Hejazipour, Mitra"]
[Result "1-0"]
[BlackTitle "WFM"]
[WhiteElo "2153"]
[BlackElo "2239"]
[WhiteFideId "14117479"]
[BlackFideId "12505951"]
[EventDate "2010.10.20"]

1. e4 c5 2. Nf3 e6 3. d3 d5 4. Nbd2 Nf6 5. g3 g6 6. Bg2 Bg7 7. O-O O-O 8. Re1
Nc6 9. c3 b6 10. Qa4 Bb7 11. Nf1 h6 12. e5 Nd7 13. d4 f6 14. Qc2 fxe5 15. Nxe5
Ndxe5 16. dxe5 Qe8 17. f4 Rd8 18. Ne3 Qf7 19. Bd2 b5 20. a4 b4 21. a5 a6 22. Rf1
bxc3 23. bxc3 Kh8 24. Rab1 Rb8 25. Rb6 Na7 26. c4 d4 27. Rfb1 Bxg2 28. Nxg2 Bxe5
29. Nh4 d3 30. Qxd3 Rbd8 31. Qe4 Bd4+ 32. Kh1 Rg8 33. Rb7 Rd7 34. Rxd7 Qxd7 35.
Rb7 Qc6 36. Qxc6 Nxc6 37. Rb6 g5 38. Nf3 g4 39. Nh4 Nb4 40. Rxe6 Bg7 41. Ng6+
Kh7 42. Ne5 Rd8 43. Be3 Rd1+ 44. Kg2 Re1 45. Kf2 Rb1 46. Nxg4 Nd3+ 47. Kf3 Rb4
48. Ke4 Nb2 49. Kd5 Nxc4 50. Bxc5 Ra4 51. Re4 Nb2 52. Rxa4 Nxa4 53. Kc6 Bc3 54.
Bb6 Nb2 55. Kb7 Nc4 56. Kxa6 h5 57. Nf2 Nd2 58. h3 1-0

[Event "WY Girls-U18"]
[Site "Porto Carras GRE"]
[Date "2010.10.28"]
[Round "9.5"]
[White "Havlikova, Kristyna"]
[Black "Iordanidou, Zoi"]
[Result "1/2-1/2"]
[WhiteTitle "WIM"]
[WhiteElo "2318"]
[BlackElo "2152"]
[WhiteFideId "309672"]
[BlackFideId "4209192"]
[EventDate "2010.10.20"]

1. e4 d5 2. exd5 Qxd5 3. Nc3 Qd6 4. d4 Nf6 5. Nf3 g6 6. h3 Bg7 7. Be3 O-O 8. Qd2
a6 9. Bf4 Qd8 10. Bh6 b5 11. Bxg7 Kxg7 12. a3 Bb7 13. Be2 Nbd7 14. Qe3 Nb6 15.
O-O Qd6 16. Rad1 Rad8 17. Rfe1 Rfe8 18. Bf1 Nbd5 19. Nxd5 Nxd5 20. Qd2 Nf4 21.
Qe3 Qf6 22. Ne5 Rd6 23. c3 h5 24. g3 Nd5 25. Qe2 Qf5 26. Bg2 f6 27. Nd3 Bc8 28.
Qe4 Nb6 29. b3 Qxe4 30. Rxe4 Nd5 31. Ree1 Nxc3 32. Rc1 Nd5 33. Nc5 Kf7 34. Ne4
Rdd8 35. Rc5 Bf5 36. Ng5+ fxg5 37. Bxd5+ e6 38. Bb7 Rd6 39. Rxc7+ Re7 40. Rxe7+
Kxe7 41. Kg2 Rxd4 42. Bxa6 Be4+ 43. Kg1 Bc6 44. Kf1 Kd6 45. Rc1 Rd3 46. a4 Rxb3
47. axb5 Bxb5+ 48. Bxb5 Rxb5 49. Rc8 Ke5 50. Rg8 Kf6 1/2-1/2

[Event "WY Girls-U18"]
[Site "Porto Carras GRE"]
[Date "2010.10.28"]
[Round "9.6"]
[White "Stetsko, Lanita"]
[Black "Kulon, Klaudia"]
[Result "1-0"]
[WhiteTitle "FM"]
[BlackTitle "WFM"]
[WhiteElo "2148"]
[BlackElo "2196"]
[WhiteFideId "13505300"]
[BlackFideId "1131044"]
[EventDate "2010.10.20"]

1. e4 c5 2. Nc3 g6 3. g3 Bg7 4. Bg2 Nc6 5. d3 Rb8 6. Be3 b5 7. Qd2 b4 8. Nd1 d6
9. Ne2 Qc7 10. O-O Ba6 11. f4 Nf6 12. h3 O-O 13. f5 Nd7 14. Bh6 c4 15. Bxg7 Kxg7
16. Ne3 cxd3 17. cxd3 Nde5 18. Nd5 Qa5 19. Nxe7 Nxe7 20. f6+ Kh8 21. fxe7 Rfe8
22. d4 Qb6 23. Rf2 Nc6 24. Rxf7 Bc4 25. Raf1 Bxf7 26. Rxf7 Kg8 27. Rf6 Nxe7 28.
e5 Rbd8 29. Nf4 Nf5 30. Rxf5 gxf5 31. Nd5 Qb5 32. Qg5+ Kh8 33. Qf6+ Kg8 34. Ne7+ 1-0

[Event "WY Girls-U18"]
[Site "Porto Carras GRE"]
[Date "2010.10.28"]
[Round "9.7"]
[White "Efroimski, Marsel"]
[Black "Endress, Anna"]
[Result "1-0"]
[WhiteTitle "WFM"]
[WhiteElo "2244"]
[BlackElo "2160"]
[WhiteFideId "2810964"]
[BlackFideId "24629472"]
[EventDate "2010.10.20"]

1. e4 c5 2. Nf3 e6 3. d4 cxd4 4. Nxd4 Nf6 5. Nc3 d6 6. g4 h6 7. Bg2 Nc6 8. h3
Bd7 9. Ndb5 Qb8 10. a4 a6 11. Na3 Qc7 12. Be3 Na5 13. Qe2 Rc8 14. f4 e5 15. g5
hxg5 16. fxg5 Nh5 17. Nd5 Qc6 18. Qd2 Nc4 19. Nxc4 Qxc4 20. Nb6 Qxc2 21. Nxc8
Qxc8 22. Rc1 Bc6 23. Qf2 Qe6 24. O-O Be7 25. Qh4 Qb3 26. Rfe1 Qxa4 27. Qg4 Bd7
28. Qf3 g6 29. Rc7 Qb4 30. Rec1 Rh7 31. h4 Bd8 32. R7c4 Qb3 33. R4c3 Qe6 34. Rd1
Be7 35. Bf1 Qg4+ 36. Qxg4 Bxg4 37. Rdc1 Nf4 38. Rc7 Rxh4 39. Rxb7 Bxg5 40. Bxf4
Bxf4 41. Rcc7 Bg5 42. Bxa6 Be6 43. Rb8+ Bd8 44. Bb5+ Kf8 45. Rxd8+ Kg7 46. Rxd6
Kh6 47. Bc4 Rxe4 48. Bxe6 fxe6 49. Rxe6 Rb4 50. Rcc6 Rxb2 51. Rxg6+ Kh7 52. Rg2 1-0

[Event "WY Girls-U18"]
[Site "Porto Carras GRE"]
[Date "2010.10.28"]
[Round "9.8"]
[White "Semenova, Elena"]
[Black "Hoang, Thi Nhu Y"]
[Result "0-1"]
[WhiteTitle "WFM"]
[BlackTitle "WIM"]
[WhiteElo "2135"]
[BlackElo "2214"]
[WhiteFideId "24125148"]
[BlackFideId "12401455"]
[EventDate "2010.10.20"]

1. Nf3 b6 2. g3 Bb7 3. Bg2 Nf6 4. O-O e6 5. c4 Be7 6. Nc3 O-O 7. Qc2 d5 8. cxd5
exd5 9. d4 Nbd7 10. Rd1 a6 11. Bf4 Rc8 12. Rac1 Nh5 13. Ne5 Ndf6 14. Bh3 Ra8 15.
Bg2 Qc8 16. Bg5 Bd6 17. h3 h6 18. Bd2 Ne4 19. Nxe4 dxe4 20. Bxe4 Bxe4 21. Qxe4
Qxh3 22. Rc3 Nf6 23. Qf3 Qe6 24. Nc4 Bb4 25. Rc2 Bxd2 26. Rdxd2 Rad8 27. b3 Ne4
28. Rd1 c5 29. Qe3 Rfe8 30. Rcc1 b5 31. Ne5 Qd5 32. Qf4 Ng5 33. Qg4 cxd4 34. Nc6
Re4 35. f4 Rde8 36. Rc2 Nh7 37. Qf3 Nf6 38. b4 Qf5 39. Rxd4 Re3 40. Rc5 Qh3 41.
Qf1 Qxg3+ 0-1